00248nam a2200085Ia 4500008004100000100002800041245004100069260004300110260000900153170620s9999 xx 000 0 und d aKumar- Rajendra (Hindi) 0aPurva Balyavastha ki Shiksha (Hindi) bMeerut- International Publishing House c2004